Statistics for The next step, 'e girls'

Click here to take the quiz!

General Stats

  • This quiz has been taken 7 times
  • The average score is 5 of 6

Answer Stats

HintAnswer% Correct
LeaderEmily
100%
Leaders sisterRiley
100%
Has a jobChloe
86%
Gets kicked out when demoted to b troupeGiselle
86%
Leaders best friendStephanie
86%
Close friends with leaderTiffany
71%

Score Distribution

Percentile by Number Answered

Percent of People with Each Score

Your Score History

You have not taken this quiz